Statistics for Most-Watched American TV Channels

Click here to take the quiz!

General Stats

  • This quiz has been taken 39,833 times
    (20,211 since last reset)
  • The average score is 14 of 39

Answer Stats

ViewersNetwork% Correct
5.20 milFOX
90%
6.89 milABC
88%
7.76 milNBC
85%
672 kCNN
77%
9.41 milCBS
76%
2.02 milESPN
65%
1.78 milDisney
54%
1.03 milNickelodeon
53%
1.31 milAdult Swim
47%
606 kMTV
47%
1.77 milTNT
45%
1.88 milTBS
43%
576 kMSNBC
42%
1.55 milDiscovery
40%
1.54 milHistory
39%
1.44 milAMC
36%
569 kComedy Central
33%
1.78 milFox News
33%
1.13 milFood Network
31%
1.49 milHGTV
31%
1.25 milFX
29%
944 kTLC
29%
1.85 milUSA
29%
1.75 milCW
27%
642 kVH1
27%
1.07 milLifetime
24%
652 kAnimal Planet`
22%
872 kBravo
22%
959 kA & E
21%
598 kBET
21%
790 kSpike
21%
1.00 milSyfy
21%
881 kHallmark
19%
985 kABC Family
16%
1.44 milTelemundo
11%
2.55 milUnivision
11%
608 kTV Land
10%
891 kInvestigation Discovery
7%
644 kDisney Junior
6%

Score Distribution

Percentile by Number Answered

Percent of People with Each Score

Your Score History

You have not taken this quiz since the last reset